00528 2200193 4500001002100000008004100021035002000062245005000082100002400132110002500156260002900181300001200210020002200222084001400244082000800258650002800266990001900294990002100313INLIS000000000001275 ind  a0010-0724001275 aMengenal Teknologi RoketcAndini Iyasha Amala aAndini Iyasha Amala aAmala, Andini Iyasha aDepokbIyasha Jayac2008 a78 hlm. a978-602-8131-03-2 a629 AND m a629 aLain-lain Cabang Teknik aP29/CP/24/1275 aP29/CP/24/1275.1